000 00693nam a22002177a 4500
999 _c3647
_d3647
003 OSt
005 20240405092021.0
008 240405b ||||| |||| 00| 0 eng d
020 _a9781108810852
040 _cKH8
082 _a428.24 BOY
100 _aBoylan, Jane,
_eauthor.
245 _aCambridge Global English :
_bLearner's Book 6 /
_cJane Boylan & Claire Medwell.
260 _aUnited Kingdom;
_bCambridge University Press,
_c2022.
300 _a160 pages:
_bcolor illustrations.
500 _aIncludes digital access.
650 _aEnglish language
_vTextbooks for foreign speakers.
700 _aMedwell, Claire,
_eauthor.
700 _aHarper, Kathryn,
_eauthor.
942 _2ddc
_cTR